000 00980nam0a22002771 4500
001 RU\NLR\A1SV\134629
005 20251203171251.9
035 _a(NLR Aleph) 010676030
090 _a9626699
_c9626699
100 _a20150129d1923 u y0rusy50 ca
101 0 _arus
102 _aRU
200 1 _aГеографические экскурсии
_eДокл., прочит. на экскурс. конф. Кубан. гос. пед. ин-та 18.VI. 1923 г.
_fГригор Г.Г.
210 _a[Краснодар]
_cТип. им. т. Лиманского партиздата
_d[1923]
215 _a6 с.
_d24 см
300 _aБез тит. л.
300 _aАвт. указан в конце текста
620 _dКраснодар
700 1 _aГригор
_bГ.Г.
_f1884-1960
_gГригорий Григорьевич
801 0 _aRU
_bNLR
_c20150129
899 _aНБ ТГУ
899 _aНБ ТГУ
942 _cBOOK
980 _aNB
980 _aA1SV